000 00760nam a2200205 i 4500
001 104903
003 ES-MaACL
005 20240125063137.0
007 t|
008 060523s1913 sp f c |||| | fre d
080 _a75:069.538(460.27 M.) Prado
100 1 _aMadrazo, Pedro de,
_d1816-1898
_975340
245 1 0 _aCatalogue des tableaux du Musée du Prado /
_cpar Pedro de Madrazo.
250 _a1ere. éd. française d'après la 10e. éd. espagnole, corr.
260 _aMadrid :
_b[s.n.],
_c1913 (
_fImp. de J. Lacoste)
300 _aXLIV, 531 p., 100 h. de lám. ;
_c20 cm.
610 2 4 _aMuseo Nacional del Prado-
_vCatálogos.
_9160004
852 _aES-MaACL
_jE-11232
_z. - Biblioteca Jacinto Martínez Lacalle
999 _c104903
_d104903